Un amor de Swann /

Guardado en:
Autor Principal: Proust, Marcel
Otros Autores: Pujol, Carlos, trad.
Formato: Libro
Publicado: Madrid : Planeta, 2001
Materias:
Etiquetas: Agregar Etiqueta
Sin Etiquetas, Sea el primero en etiquetar este registro!
LEADER 00557nam a22001815a 4500
001 EHU.bham040713
008 130507s2001##################000#0#####d
005 20241112090052.0
245 1 0 |a Un amor de Swann /  |c Marcel Proust ; trad., introd. y notas de Carlos Pujol. 
260 |a Madrid :  |b Planeta,  |c 2001 
300 |a 289 p. 
020 |a 8408038265 
100 1 |a Proust, Marcel 
700 1 |a Pujol, Carlos, trad. 
082 8 4 |a 843.8 
653 |a Literatura francesa 
653 |a Novela francesa 
859 |a AR-BHAM  |b BIB. HUMANIDADES - General  |h 843.8  |i P948-2  |p 596.10  |t Ej.1